00908nam a22002415a 450000500170000000800410001702000180005804000380007608200220011410000260013624501050016225000120026726000490027930000360032850000240036465000420038865100100043065300250044070000180046594200080048399900170049195201580050820161207115153.0161207t2015 ii a fr 001 0 eng d a9788126556472 aEG-ScBUEbengcEG-ScBUEdEG-ScBUE04222a690.0285bHAR1 aHardin, Brad, d1980-10aBIM and construction management :bproven tools, methods, and workflows /cBrad Hardin, Dave McCool. a2nd ed. aNew Delhi :bSybex / a Wiley brand,cc.2015. axxiii, 375 p. :bill. ;c24 cm. aIndex : p. 363-375. 72BUEshaBuilding information modeling. 2BUEsh bENGGENcDecember20161 aMcCool, Dave. 2ddc c23495d23467 00102ddc40708AlahramaMAINbMAINc1STd2016-12-07ePurchaseg181.00h116l2m16o690.0285 HARp000040326r2025-07-15 00:00:00s2021-11-03v226.25yBB